000 01046nam a2200265Ia 4500
003 OSt
005 20221005103509.0
006 a|||||r|||| 00| 0
007 ta
008 221004b |||||||| |||| 00| 0 hin d
020 _a9789351310914 (pbk)
_cIndian Rupees 165
024 _a27847
037 _bGift, 29/09/2016,
_cTextual
040 _aCRL
_cCRL
_bhin
041 _2hin
_ahin
082 _aO152v, Q4
100 _aमूलचंदानी, शालिनी
245 0 _aसाहित्य का इतिहास दर्शन सरंचना एवं सिद्धांत
246 _aSāhitya kā itihās darshan saranchanā evan siddhāanta
260 _aजयपुर
_bराजस्थान हिंदी ग्रंथ अकादमी भारत
_c2014
300 _a294पृ0
_ccm.
650 _aहिन्दी साहित्य
942 _hO152v, Q4
_cTEXL
_2cc
999 _c1010204
_d1010204